| 000 | 00713nam a2200217 a 4500 | ||
|---|---|---|---|
| 005 | 20240919064240.0 | ||
| 008 | 120703s1985 mx r 000 0 spa d | ||
| 020 | _a8475304311 | ||
| 035 | _aUPN01000185660 | ||
| 049 | _aCG | ||
| 050 | 4 |
_aHD82 _bB3.2 |
|
| 100 | 1 | _aBauer, P. T. | |
| 245 | 1 | 0 |
_aCrítica de la teoría del desarrollo / _cP. T. Bauer ; tr. Paolo Donatelli. |
| 260 |
_aBarcelona, Esp. : _bOrbis, _cc1985. |
||
| 300 | _a510 p. | ||
| 440 | 0 | _aBiblioteca de economía | |
| 534 |
_pTraducción de: _tDissent on development studies and debates in development economics |
||
| 650 | 4 |
_aDesarrollo económico _96460 |
|
| 651 | 4 |
_aPAISES EN DESARROLLO - _xCONDICIONES ECONOMICAS _98383 |
|
| 905 | _aLibro | ||
| 999 |
_c157763 _d157763 |
||